Statistiques concernant Motörhead : Albums

Cliquez ici pour prendre le quiz!

Statistiques générales

  • Ce quiz a été pris 22 fois
  • Le résultat moyen est 15 sur 23

Statistiques - réponses

Année Réponses % Correct
1979Overkill
100%
1980Ace of Spades
100%
1977Motörhead
100%
1986Orgasmatron
89%
19911916
78%
1979Bomber
78%
2010The Wörld is Yours
67%
2015Bad Magic
67%
2008Motörizer
67%
2013Aftershock
67%
1993Bastards
67%
2004Inferno
56%
2006Kiss of Death
56%
1987Rock 'n' Roll
56%
1976On Parole
56%
2000We Are Motörhead
56%
1995Sacrifice
56%
1983Another Perfect Day
56%
1996Overnight Sensation
56%
1998Snake Bite Love
56%
1982Iron Fist
44%
2002Hammered
44%
1992March ör Die
44%

Distribution des résultats

Percentile by Number Answered

% des personnes avec chaque résultat

Votre développement - résultats

Vous n’avez pas pris ce quiz